UBT Library

Epidemiology and prevention of cardiovascular diseases : (Record no. 43133)

000 -LEADER
fixed length control field 00784cam a2200241 a 4500
001 - CONTROL NUMBER
control field 2600135
005 - DATE AND TIME OF LATEST TRANSACTION
control field 20180222040023.0
008 - FIXED-LENGTH DATA ELEMENTS--GENERAL INFORMATION
fixed length control field 971104s1998 mdua b 001 0 eng c
010 ## - LIBRARY OF CONGRESS CONTROL NUMBER
LC control number 97045221
020 ## - INTERNATIONAL STANDARD BOOK NUMBER
International Standard Book Number 0834206595
040 ## - CATALOGING SOURCE
Original cataloging agency DNLM/DLC
Transcribing agency DLC
Modifying agency DLC
041 ## - LANGUAGE CODE
Language code of text/sound track or separate title eng
060 10 - NATIONAL LIBRARY OF MEDICINE CALL NUMBER
Classification number WG 120 L113e 1998
080 ## - UNIVERSAL DECIMAL CLASSIFICATION NUMBER
Universal Decimal Classification number 614.591
082 00 - DEWEY DECIMAL CLASSIFICATION NUMBER
Classification number 614.591 LAB
Edition number 21
100 1# - Rafti
Rafti 7
101 ## - Shkurtesa
Shkurtesa KAR
245 10 - TITLE STATEMENT
Title Epidemiology and prevention of cardiovascular diseases :
Statement of responsibility, etc Darwin R. Labarthe.
504 ## - BIBLIOGRAPHY, ETC. NOTE
Bibliography, etc Includes bibliographical references and index.
906 ## - LOCAL DATA ELEMENT F, LDF (RLIN)
a 7
b cbc
c orignew
d 1
e ocip
f 19
g y-gencatlg
942 ## - ADDED ENTRY ELEMENTS (KOHA)
Source of classification or shelving scheme
Item type Books
Holdings
Withdrawn status Lost status Source of classification or shelving scheme Damaged status Not for loan Collection code Permanent location Current location Shelving location Date acquired Total Checkouts Full call number Barcode Date last seen Price effective from Koha item type
          Koleksioni i përgjithshem UBT - Lipjan UBT - Lipjan Koleksioni i përgjithshem 02/22/2018   614.591 LAB 002-2999773 02/22/2018 02/22/2018 Books
UBT Library © 2015-2024. All rights reserved University Education for Business and Technology